000 00821nam a22002297a 4500
999 _c18156
_d18156
003 AR-CdUCM
008 190513b ||||| |||| 00| 0 spa d
040 _aMUNICIPALIDAD PROVINCIAL DEL CUSCO
_cBIBLIOTECA MUNICIPAL DEL CUSCO
082 _a375.2 /
_bL92
100 _aLourenco Filho, M. B.
_938579
245 _aOrganización y administración escolar /
260 _aBuenos Aires :
_bKapelusz,
_c1965.
300 _a242 paginas ;
_c20 cm.
500 _aEducación secundaria
505 _aContenido: Organización y administración escolar -- Aspectos de la organización y administración escolar de america latina
650 _aEscolar
_94628
650 _aOrganización
_94866
650 _aAdministración
_94472
700 _aEguibar, Maria Celia
_938580
942 _2ddc
_cLIBROS
945 _apjha
_d2019-05-13